Setkání ústavů a kateder odboru výrobní stroje a robotika : Sborník anotací
Uložené v:
| Korporativný autor: | |
|---|---|
| Médium: | Konferenčný príspevok.. Kniha |
| Jazyk: | Czech Slovak |
| Vydavateľské údaje: |
Ostrava :
Vysoká škola báňská - Technická univerzita v Ostravě,
2004
|
| Predmet: | |
| Tagy: |
Žiadne tagy, Buďte prvý, kto otaguje tento záznam!
|
MARC
| LEADER | 00000nam a22000003a 4500 | ||
|---|---|---|---|
| 001 | stu90334 | ||
| 005 | 20150408175231.0 | ||
| 008 | 040924s2004----xr------------------cze-d | ||
| 020 | |a 80-248-0645-2 | ||
| 040 | |a STU |b slo | ||
| 041 | 0 | |a cze |a slo | |
| 044 | |a xr | ||
| 080 | |a 62-16/-17(082) | ||
| 080 | |a 004.896 | ||
| 111 | 2 | |a Setkání ústavů a kateder oboru výrobní stroje a robotika |d (14.-15.9.2004 : |c Ostrava) | |
| 245 | |a Setkání ústavů a kateder odboru výrobní stroje a robotika : |b Sborník anotací | ||
| 260 | |a Ostrava : |b Vysoká škola báňská - Technická univerzita v Ostravě, |c 2004 | ||
| 300 | |a 36 s | ||
| 650 | 7 | |a stroje výrobné |2 stusub | |
| 650 | 7 | |a robotika |2 stusub | |
| 996 | |b 284M060444 |c M*Z-2494 |l MMKN |s A |a 24 |w stu90334_0001 | ||